Countries of Africa in 2 minutes - Statistics

General Stats
  • This quiz has been taken 132 times
  • The average score is 41 of 54
Answers on the Map
Answers color-coded by a green-red scale on the quiz's map according to % correct below.
 
Answer Stats
Country % Correct
Egypt
95%
Libya
93%
Algeria
91%
Morocco
91%
Chad
90%
Niger
88%
Sudan
88%
D. R. Congo
86%
Ethiopia
86%
Ghana
86%
Madagascar
86%
South Africa
86%
Tunisia
86%
Kenya
84%
Mali
84%
Rep. of the Congo
84%
South Sudan
84%
Eritrea
81%
Somalia
81%
Liberia
79%
Nigeria
79%
Senegal
79%
Benin
76%
Togo
76%
Zimbabwe
76%
Lesotho
74%
Mauritania
74%
Namibia
74%
Angola
72%
Guinea
72%
Ivory Coast
72%
Zambia
72%
Botswana
71%
Burkina Faso
71%
Cameroon
71%
Djibouti
71%
Gambia
71%
Tanzania
71%
Central African Republic
69%
Guinea-Bissau
69%
Sierra Leone
69%
Mozambique
67%
Rwanda
67%
Uganda
67%
Gabon
66%
Mauritius
66%
Burundi
64%
Cape Verde
64%
Malawi
64%
Comoros
62%
Eswatini
62%
São Tomé and Príncipe
62%
Seychelles
60%
Equatorial Guinea
59%
No matching quizzes found
Score Distribution
Percent of People with Each Score
Percentile by Number Answered
Your Score History
You have not taken this quiz